<?xml version="1.0" encoding="UTF-8"?>
<record
    xmlns:xsi="http://www.w3.org/2001/XMLSchema-instance"
    xsi:schemaLocation="http://www.loc.gov/MARC21/slim http://www.loc.gov/standards/marcxml/schema/MARC21slim.xsd"
    xmlns="http://www.loc.gov/MARC21/slim">

  <leader>00830nam a22002657a 4500</leader>
  <controlfield tag="001">4246</controlfield>
  <controlfield tag="003">FISKH</controlfield>
  <controlfield tag="005">20250213160049.0</controlfield>
  <controlfield tag="008">240710b        cb ||||| |||| 00| 0 eng d</controlfield>
  <datafield tag="020" ind1=" " ind2=" ">
    <subfield code="a">9780439109901</subfield>
  </datafield>
  <datafield tag="040" ind1=" " ind2=" ">
    <subfield code="a">FISKH</subfield>
    <subfield code="b">eng</subfield>
    <subfield code="c">FISKH</subfield>
    <subfield code="d">FISKH</subfield>
  </datafield>
  <datafield tag="050" ind1=" " ind2=" ">
    <subfield code="a">PZ7.M7835 </subfield>
  </datafield>
  <datafield tag="082" ind1=" " ind2=" ">
    <subfield code="a">599.5 </subfield>
  </datafield>
  <datafield tag="100" ind1=" " ind2=" ">
    <subfield code="a">Moore, Eva </subfield>
  </datafield>
  <datafield tag="245" ind1=" " ind2=" ">
    <subfield code="a">The wild whale watch /</subfield>
    <subfield code="c">Written by Eva Moore ; llustrations by John Speirs </subfield>
  </datafield>
  <datafield tag="260" ind1=" " ind2=" ">
    <subfield code="a">New York : </subfield>
    <subfield code="b">Scholastic, </subfield>
    <subfield code="c">2000</subfield>
  </datafield>
  <datafield tag="300" ind1=" " ind2=" ">
    <subfield code="a">75 pages : </subfield>
    <subfield code="b">illustrations ; </subfield>
    <subfield code="c">20 cm </subfield>
  </datafield>
  <datafield tag="505" ind1=" " ind2=" ">
    <subfield code="a">O
</subfield>
  </datafield>
  <datafield tag="520" ind1=" " ind2=" ">
    <subfield code="a">A fictional description of a science class studying whales and going on a whale watch with their science teacher Ms. Frizzle.</subfield>
  </datafield>
  <datafield tag="521" ind1="8" ind2=" ">
    <subfield code="a">590
</subfield>
    <subfield code="b">Lexile
</subfield>
  </datafield>
  <datafield tag="521" ind1="8" ind2=" ">
    <subfield code="a">O
</subfield>
    <subfield code="b">Raz-Plus
</subfield>
  </datafield>
  <datafield tag="650" ind1=" " ind2=" ">
    <subfield code="a">Magic School Bus </subfield>
    <subfield code="v">Ocean </subfield>
  </datafield>
  <datafield tag="942" ind1=" " ind2=" ">
    <subfield code="2">ddc</subfield>
    <subfield code="c">BK</subfield>
    <subfield code="n">0</subfield>
  </datafield>
  <datafield tag="999" ind1=" " ind2=" ">
    <subfield code="c">4246</subfield>
    <subfield code="d">4246</subfield>
  </datafield>
  <datafield tag="952" ind1=" " ind2=" ">
    <subfield code="0">0</subfield>
    <subfield code="1">0</subfield>
    <subfield code="2">ddc</subfield>
    <subfield code="4">0</subfield>
    <subfield code="7">0</subfield>
    <subfield code="8">NFIC</subfield>
    <subfield code="a">001</subfield>
    <subfield code="b">001</subfield>
    <subfield code="c">TK Yellow</subfield>
    <subfield code="d">2024-07-10</subfield>
    <subfield code="l">0</subfield>
    <subfield code="o">MOO 599.5 PZ7.M7835</subfield>
    <subfield code="p">FISTK01893</subfield>
    <subfield code="r">2024-07-10 11:00:07</subfield>
    <subfield code="w">2024-07-10</subfield>
    <subfield code="y">BK</subfield>
  </datafield>
  <datafield tag="952" ind1=" " ind2=" ">
    <subfield code="0">0</subfield>
    <subfield code="1">0</subfield>
    <subfield code="2">ddc</subfield>
    <subfield code="4">0</subfield>
    <subfield code="7">0</subfield>
    <subfield code="8">NFIC</subfield>
    <subfield code="a">001</subfield>
    <subfield code="b">001</subfield>
    <subfield code="c">TTP Yellow </subfield>
    <subfield code="d">2025-02-13</subfield>
    <subfield code="l">0</subfield>
    <subfield code="o">MOO 599.5 PZ7.M7835</subfield>
    <subfield code="p">2025-0558</subfield>
    <subfield code="r">2025-02-13 15:57:53</subfield>
    <subfield code="t">2</subfield>
    <subfield code="w">2025-02-13</subfield>
    <subfield code="y">BK</subfield>
  </datafield>
  <datafield tag="952" ind1=" " ind2=" ">
    <subfield code="0">0</subfield>
    <subfield code="1">0</subfield>
    <subfield code="2">ddc</subfield>
    <subfield code="4">0</subfield>
    <subfield code="7">0</subfield>
    <subfield code="8">NFIC</subfield>
    <subfield code="a">001</subfield>
    <subfield code="b">001</subfield>
    <subfield code="c">TTP Yellow </subfield>
    <subfield code="d">2025-02-13</subfield>
    <subfield code="l">0</subfield>
    <subfield code="o">MOO 599.5 PZ7.M7835</subfield>
    <subfield code="p">2025-0559</subfield>
    <subfield code="r">2025-02-13 15:58:18</subfield>
    <subfield code="t">3</subfield>
    <subfield code="w">2025-02-13</subfield>
    <subfield code="y">BK</subfield>
  </datafield>
  <datafield tag="952" ind1=" " ind2=" ">
    <subfield code="0">0</subfield>
    <subfield code="1">0</subfield>
    <subfield code="2">ddc</subfield>
    <subfield code="4">0</subfield>
    <subfield code="7">0</subfield>
    <subfield code="8">NFIC</subfield>
    <subfield code="a">001</subfield>
    <subfield code="b">001</subfield>
    <subfield code="c">TTP Yellow </subfield>
    <subfield code="d">2025-02-13</subfield>
    <subfield code="l">0</subfield>
    <subfield code="o">MOO 599.5 PZ7.M7835</subfield>
    <subfield code="p">2025-0560</subfield>
    <subfield code="r">2025-02-13 15:58:33</subfield>
    <subfield code="t">4</subfield>
    <subfield code="w">2025-02-13</subfield>
    <subfield code="y">BK</subfield>
  </datafield>
  <datafield tag="952" ind1=" " ind2=" ">
    <subfield code="0">0</subfield>
    <subfield code="1">0</subfield>
    <subfield code="2">ddc</subfield>
    <subfield code="4">0</subfield>
    <subfield code="7">0</subfield>
    <subfield code="8">NFIC</subfield>
    <subfield code="a">001</subfield>
    <subfield code="b">001</subfield>
    <subfield code="c">TTP Yellow </subfield>
    <subfield code="d">2025-02-13</subfield>
    <subfield code="l">0</subfield>
    <subfield code="o">MOO 599.5 PZ7.M7835</subfield>
    <subfield code="p">2025-0561</subfield>
    <subfield code="r">2025-02-13 15:58:50</subfield>
    <subfield code="t">5</subfield>
    <subfield code="w">2025-02-13</subfield>
    <subfield code="y">BK</subfield>
  </datafield>
  <datafield tag="952" ind1=" " ind2=" ">
    <subfield code="0">0</subfield>
    <subfield code="1">0</subfield>
    <subfield code="2">ddc</subfield>
    <subfield code="4">0</subfield>
    <subfield code="7">0</subfield>
    <subfield code="8">NFIC</subfield>
    <subfield code="a">001</subfield>
    <subfield code="b">001</subfield>
    <subfield code="c">TTP Yellow </subfield>
    <subfield code="d">2025-02-13</subfield>
    <subfield code="l">0</subfield>
    <subfield code="o">MOO 599.5 PZ7.M7835</subfield>
    <subfield code="p">2025-0562</subfield>
    <subfield code="r">2025-02-13 15:59:02</subfield>
    <subfield code="t">6</subfield>
    <subfield code="w">2025-02-13</subfield>
    <subfield code="y">BK</subfield>
  </datafield>
</record>
